| 000 | 00678nam a2200193 a 4500 | ||
|---|---|---|---|
| 001 | 000034109 | ||
| 005 | 20200930070801.0 | ||
| 008 | 110923s2004 dr ad g 001 0 spa d | ||
| 040 |
_aDO-SdBNP _bspa _cBNPHU |
||
| 082 |
_a787.8707 _bP433y |
||
| 100 | 1 |
_aPerdomo Muñoz, Yoel de Jesús _959542 |
|
| 245 | 1 | 0 |
_aYo seré tu maestro : _bmétodo para aprender a tocar guitarra / _cYoel de Jesús Perdomo Muñoz. |
| 260 |
_a[Santo Domingo : _bs.n.], _c2004. |
||
| 300 |
_a67 p. : _bil., diagr. ; _c21 cm. |
||
| 590 | _aInventariado, 2018/LP | ||
| 650 | 4 |
_aGuitarra _xEnseñanza _941526 |
|
| 650 | 4 |
_aGuitarra _xMétodos autodidácticos _959543 |
|
| 910 | _aValidado. Control de calidad EMS | ||
| 999 |
_c33600 _d33600 |
||